A cultural history of Japanese Buddhism /

"Offers a vivid, nuanced, and chronological account of Buddhistreligion in Japan -- from its emergence in the sixth centuryright through to the present day"--

Chi tiết về thư mục
Tác giả chính: Deal, William E. (Tác giả)
Tác giả khác: Ruppert, Brian Douglas, 1962-
Định dạng: Sách
Ngôn ngữ:Multiple
Được phát hành: Chichester, West Sussex, Uk ; Malden, MA USA : Wiley, Blackwell,
Phiên bản:First edition.
Loạt:Wiley-blackwell guides to Buddhism ; 1
Những chủ đề:
Classic Catalogue: View this record in Classic Catalogue
LEADER 02045nam a2200409 i 4500
001 45782
003 BD-DhAAL
005 20260518151428.0
008 260514t2015 enka b 001 0 mul
010 |a  2015004073 
020 |a 9781405167000 
020 |a 9781405167017 
035 |a 18469337 
040 |a DLC  |b eng  |c DLC  |e rda  |d DLC  |d BD-DhAAL 
042 |a pcc 
043 |a a-ja--- 
050 0 0 |a BQ678  |b .D43 2015 
082 0 0 |a 294.30952  |2 23 
100 1 |a Deal, William E.,  |e author.  |9 60746 
245 1 2 |a A cultural history of Japanese Buddhism /  |c William E. Deal and Brian Ruppert. 
250 |a First edition. 
260 |a Chichester, West Sussex, Uk ;  |b Malden, MA USA :  |c Wiley, Blackwell,  |g 2015. 
300 |a x, 303 pages ;  |c 24 cm 
490 1 |a Wiley-blackwell guides to Buddhism ;  |v 1 
504 |a Includes bibliographical references and index. 
520 |a "Offers a vivid, nuanced, and chronological account of Buddhistreligion in Japan -- from its emergence in the sixth centuryright through to the present day"-- 
526 8 |a AAL 
541 1 |a Donated by Embassy of Japan in Bangladesh, Read Japan Project 2025, The Tokyo Foundation, supported by The Nippon Foundation.  |e 45782 
650 0 |a Buddhism  |z Japan  |x History. 
650 0 |a Buddhism and culture  |z Japan  |x History.  |9 60747 
650 7 |a RELIGION / Buddhism / General (see also PHILOSOPHY / Buddhist).  |9 60748 
700 1 |a Ruppert, Brian Douglas,  |d 1962-  |9 60749 
830 0 |a Wiley-blackwell guides to Buddhism ;  |v 1  |9 60750 
852 |a Ayesha Abed Library  |c General Stacks 
942 |2 ddc  |c BK 
999 |c 47957  |d 47957 
952 |0 0  |1 0  |2 ddc  |4 0  |6 294_309520000000000_DEA  |7 0  |9 79204  |a BRACUL  |b BRACUL  |d 2026-05-14  |e Donated by Embassy of Japan in Bangladesh, Read Japan Project 2025, The Tokyo Foundation, supported by The Nippon Foundation.  |l 0  |o 294.30952 DEA  |p 3010045782  |r 2026-05-14  |t 1  |w 2026-05-14  |y BK  |x Donated copy received from Embassy of Japan in Bangladesh, Read Japan Project 2025, The Tokyo Foundation, supported by The Nippon Foundation on 08 April 2026; $30.24